Mechanics of offshore pipelines : (Record no. 6261)
[ view plain ]
| 000 -LEADER | |
|---|---|
| fixed length control field | 00676nac a22002171u 4500 |
| 010 ## - | |
| -- | 2007924001 |
| 020 ## - INTERNATIONAL STANDARD BOOK NUMBER | |
| International Standard Book Number | 9780080467320 |
| 082 ## - DEWEY DECIMAL CLASSIFICATION NUMBER | |
| Classification number | 531 |
| Item number | KYR |
| 090 ## - LOCALLY ASSIGNED LC-TYPE CALL NUMBER (OCLC); LOCAL CALL NUMBER (OCLC) | |
| -- | 6261 |
| -- | 6261 |
| 100 ## - MAIN ENTRY--PERSONAL NAME | |
| Personal name | Kyriakides, Stelios. |
| 245 10 - TITLE STATEMENT | |
| Title | Mechanics of offshore pipelines : |
| Remainder of title | volume 1 buckling and collapse / |
| Statement of responsibility, etc | Stelios Kyriakides, Edmundo Corona. |
| 260 ## - | |
| -- | Boston, MA : |
| -- | Elsevier,c.2007. |
| -- | c.2007. |
| 300 ## - PHYSICAL DESCRIPTION | |
| Extent | p. cm. |
| 336 ## - CONTENT TYPE | |
| Source | rdacontent |
| Content type term | text |
| Content type code | txt |
| 337 ## - MEDIA TYPE | |
| Media type term | unmediated |
| Source | rdamedia |
| Media type code | n |
| 338 ## - CARRIER TYPE | |
| Carrier type term | volume |
| Carrier type code | nc |
| Source | rdacarrier |
| 500 ## - GENERAL NOTE | |
| General note | Distributer: Baccah. |
| 511 ## - | |
| -- | Catalogued By: Mahitab. |
| 650 ## - SUBJECT ADDED ENTRY--TOPICAL TERM | |
| Topical term or geographic name as entry element | Mechanics. |
| 942 ## - ADDED ENTRY ELEMENTS (KOHA) | |
| Koha item type | Book - Borrowing |
| Call number prefix | 531KYR |
| Classification part | RDA-MOD |
| Withdrawn status | Lost status | Damaged status | Not for loan | Home library | Current library | Shelving location | Date acquired | Source of acquisition | Total Checkouts | Full call number | Barcode | Date last seen | Date checked out | Price effective from | Koha item type |
|---|---|---|---|---|---|---|---|---|---|---|---|---|---|---|---|
| Central Library | Central Library | First floor | 19/11/2007 | Purchase | 1 | 531KYR | 000007845 | 15/07/2025 | 21/11/2012 | 19/11/2007 | Book - Borrowing |